Koncentrácie vo svetle nového zákona o ochrane hospodárskej súťaže

Nová právna úprava koncentrácií, ktorou sa na účely zákona o ochrane hospodárskej súťaže rozumie proces ekonomického spájania podnikateľov. Vzhľadom na vplyv na podmienky súťaže je koncentrácia úradom kontrolovaná. Predmet kontroly. Získanie kontroly. Oznámenie koncentrácie pri splynutí dvoch alebo...

Full description

Saved in:
Bibliographic Details
Main Author: Bernáth, Dušan
Format: Book Chapter
Language:Slovak
Subjects:
Tags: Add Tag
No Tags, Be the first to tag this record!

MARC

LEADER 00000naa a2200000 4500
001 r044162
005 20230728095635.9
041 0 |a slo 
044 |a SK 
245 1 0 |a Koncentrácie vo svetle nového zákona o ochrane hospodárskej súťaže  |c Dušan Bernáth 
520 |a Nová právna úprava koncentrácií, ktorou sa na účely zákona o ochrane hospodárskej súťaže rozumie proces ekonomického spájania podnikateľov. Vzhľadom na vplyv na podmienky súťaže je koncentrácia úradom kontrolovaná. Predmet kontroly. Získanie kontroly. Oznámenie koncentrácie pri splynutí dvoch alebo viacerých samostatných podnikateľov. 
610 2 0 |a ochrana súťaže hospodárskej 
610 2 0 |a koncentrácia 
610 2 0 |a úpravy právne 
610 2 0 |a kontrola 
610 2 0 |a zlučovanie podnikov 
610 2 0 |a podnik spoločný 
610 2 0 |a obrat obchodný 
610 2 0 |a podnikatelia 
100 1 |a Bernáth, Dušan